Brucke
Guardado en:
| Autores principales: | , |
|---|---|
| Formato: | Libro |
| Lenguaje: | español |
| Publicado: |
Colonia
Taschen
2008
|
| Materias: | |
| Etiquetas: |
Agregar Etiqueta
Sin Etiquetas, Sea el primero en etiquetar este registro!
|
MARC
| LEADER | 00000nam a2200000 a 4500 | ||
|---|---|---|---|
| 001 | UCG7126 | ||
| 003 | CL-VaPUC | ||
| 008 | 110617e20080000GW |||||||||||||||||spa|d | ||
| 020 | |a 9783822854723 | ||
| 082 | 0 | 4 | |a 750 |b LOR |2 21 |
| 100 | |a Lorenz, Ulrike |e autora |9 557667 | ||
| 700 | 0 | |a Wolf, Norbert |e author |9 557668 | |
| 245 | 1 | 0 | |a Brucke |
| 300 | |a 96 p | ||
| 942 | |c BK | ||
| 945 | |d 20110617 00:00:00 |a dcastane | ||
| 260 | |a Colonia |b Taschen |c 2008 | ||
| 600 | 0 | 7 | |a GRUPO BRUCKE |2 CL-VaPUC |9 557669 |
| 650 | 0 | |a Pintura |9 265046 | |
| 650 | 7 | |a PINTURA ALEMANA CONTEMPORANEA |2 CL-VaPUC |9 547582 | |
| 650 | 7 | |a PINTORES ALEMANES CONTEMPORANEOS |2 CL-VaPUC |9 547581 | |
| 583 | |a last modification |c 20110617 00:00:00 |k Rodrigo Vera | ||
| 999 | |c 345191 |d 345189 | ||
| 952 | |0 0 |1 0 |4 0 |6 750_000000000000000_LOR_2008 |7 0 |8 C |9 443660 |a BIBCUR |b BIBCUR |d 2019-11-22 |i 478524K |o 750 LOR 2008 |p 478524K |r 2025-04-22 |w 2019-11-22 |y BK |k CAC | ||